000 00635nam a2200181Ia 4500
008 100917s9999 xx 000 0 und d
082 _b64696
100 _aसहस्त्रबुध्दे अ. म.
245 _aभारतीय रेल्वे
260 _bसाहित्य आणि संस्कृती मंडळ प्रकाशन
_c1978
300 _a182
365 _b14
520 _aअर्थशास्त्र
630 _aभारतीय रेल्वे
650 _aअर्थशास्त्र
730 _aभारतीय रेल्वे
942 _cBOOK
999 _c670090
_d670087